| 000 | 01019cam a2200265 4500 | ||
|---|---|---|---|
| 001 | WB3643-28 | ||
| 008 | 000000n2000 000 0 eng u | ||
| 035 | _a(Sirsi) u109046 | ||
| 245 | _aRural aid plans get green light | ||
| 260 | _c2000 | ||
| 490 |
_aScotsman _v Business 26 October 2000, 8(1) |
||
| 520 | _aA rural development package for Scotland, which includes the less-favoured area subsidy payment proposals, has been decided by the agricultural structures and rural development (STAR) committee and should now be confirmed by the European Commission. It is estimated that the measures in the plan will be worth more than £685m to Scottish farming and forestry between 2000 to 2006. | ||
| 590 | _aWB | ||
| 650 | _aSUBSIDIES | ||
| 650 | _aFARMING | ||
| 650 | _aAGRICULTURE | ||
| 650 | _aFORESTRY | ||
| 650 | _aRURAL DEVELOPMENT | ||
| 650 | _aSCOTLAND | ||
| 650 | _aEUROPEAN UNION | ||
| 650 | _aLESS FAVOURED AREAS SUPPLEMENT | ||
| 650 | _aMODULATION | ||
| 690 |
_aRural _96268 |
||
| 942 | _n0 | ||
| 999 |
_c65122 _d65122 |
||